| 000 | 01249nam a22002777a 4500 | ||
|---|---|---|---|
| 003 | OSt | ||
| 005 | 20230207145356.0 | ||
| 007 | cr ||||||a|c|a | ||
| 008 | 230202s2022 mx a|||fom||| 001 0 spa d | ||
| 040 | _erda | ||
| 100 | 1 |
_9186004 _aMartínez Perales, Cruz Alberto |
|
| 245 | 1 |
_aProductividad en investigación de los profesores investigadores de la Universidad Autónoma Chapingo durante el periodo 2011-2019 / _cpor Cruz Alberto Martínez Perales; director de tesis Marco Andrés López Santiago. |
|
| 264 | 1 |
_aBermejillo, Durango : _bEl autor, _c2022. |
|
| 300 |
_a1 recurso en línea (128 páginas). _bcuadros, figuras. |
||
| 336 |
_2rdacontent _atexto _btxt |
||
| 337 |
_2rdamedia _acomputadora _bc |
||
| 338 |
_2rdacarrier _arecurso en línea _bcr |
||
| 502 |
_bISA _cURUZA _d2022. _gLIC |
||
| 504 | _aIncluye referencias bibliográficas: páginas 75-78. | ||
| 650 | 4 |
_935529 _aEducación agrícola _xInvestigación |
|
| 650 | 4 |
_935633 _aEducación superior _xEvaluación |
|
| 650 | 4 |
_912220 _aBibliometría |
|
| 700 | 1 |
_968328 _aLópez Santiago, Marco Andrés _eDirector de tesis. |
|
| 856 |
_uhttp://10.13.5.2/tesis/tl/2022_ZA_Martinez_Perales_CruzAlberto.pdf _zDESCARGAR PDF |
||
| 942 |
_2Clasificación Universidad Autónoma Chapingo _cTD |
||
| 999 |
_c218231 _d218231 |
||